| 000 -LEADER |
| fixed length control field |
00749nam a2200229Ia 4500 |
| 001 - CONTROL NUMBER |
| control field |
21307 |
| 003 - CONTROL NUMBER IDENTIFIER |
| control field |
GE_BSU |
| 005 - DATE AND TIME OF LATEST TRANSACTION |
| control field |
20240213104810.0 |
| 008 - FIXED-LENGTH DATA ELEMENTS--GENERAL INFORMATION |
| fixed length control field |
181216s2015||||cc |||||||||||||| ||eng|| |
| 020 ## - INTERNATIONAL STANDARD BOOK NUMBER |
| International Standard Book Number |
9781491905012x |
| 040 ## - CATALOGING SOURCE |
| Transcribing agency |
GE_BSU |
| 041 ## - LANGUAGE CODE |
| Language code of text/sound track or separate title |
eng |
| 080 ## - UNIVERSAL DECIMAL CLASSIFICATION NUMBER |
| Universal Decimal Classification number |
004.43 L-85 |
| 100 ## - MAIN ENTRY--PERSONAL NAME |
| Personal name |
Lockhart, Josh |
| 9 (RLIN) |
12735 |
| 245 ## - TITLE STATEMENT |
| Title |
Modern PHP : |
| Remainder of title |
New Features and Good Practices / |
| Statement of responsibility, etc. |
Josh Lockhart; Editor Allyson MacDonald. |
| 264 ## - PRODUCTION, PUBLICATION, DISTRIBUTION, MANUFACTURE, AND COPYRIGHT NOTICE |
| Place of production, publication, distribution, manufacture |
Beijing : |
| Name of producer, publisher, distributor, manufacturer |
O'reilly, |
| Date of production, publication, distribution, manufacture, or copyright notice |
2015. |
| 300 ## - PHYSICAL DESCRIPTION |
| Extent |
246 p. ; |
| Dimensions |
23 cm. |
| 653 ## - INDEX TERM--UNCONTROLLED |
| keyword |
Информационные технологии |
| 653 ## - INDEX TERM--UNCONTROLLED |
| keyword |
საინფორმაციო ტექნოლოგიები |
| 700 ## - ADDED ENTRY--PERSONAL NAME |
| Personal name |
MacDonald, Allyson |
| Relator term |
რედაქტორი |
| 9 (RLIN) |
12736 |
| 942 ## - ADDED ENTRY ELEMENTS (KOHA) |
| Koha item type |
წიგნი |
| Source of classification or shelving scheme |
|